Starting Goales of the NHL (2024-2025) - Statistics

General Stats
  • This quiz has been taken 155 times
  • The average score is 21 of 32
Answer Stats
Hint Answer % Correct
Boston Bruins Jeremy Swayman
95%
Edmonton Oilers Stuart Skinner
89%
New York Rangers Igor Shesterkin
83%
Dallas Stars Jake Oettinger
83%
Ottawa Senators Linus Ullmark
83%
Florida Panthers Sergei Bobrovsky
83%
Nashville Predators Juuse Saros
81%
Winnipeg Jets Connor Hellebuyck
80%
New York Islanders Ilya Sorokin
80%
St. Louis Blues Jordan Binnington
78%
Calgary Flames Dustin Wolf
74%
Colorado Avalanche MacKenzie Blackwood
72%
New Jersey Devils Jacob Markstrom
70%
Anaheim Ducks Lukas Dostal
70%
Vegas Golden Knights Adin Hill
68%
Los Angeles Kings Darcy Kuemper
68%
Tampa Bay Lightning Andrei Vasilevskiy
66%
Washington Capitals Logan Thompson
66%
Minnesota Wild Filip Gustavsson
63%
Chicago Blackhawks Spencer Knight
60%
Buffalo Sabres Ukko-Pekka Luukkonen
60%
Toronto Maple Leafs Anthony Stolarz
55%
Columbus Blue Jackets Elvis Merzlikins
55%
Montreal Canadiens Sam Montembeault
55%
Carolina Hurricanes Pyotr Kochetkov
54%
Detroit Red Wings Cam Talbot
53%
San Jose Sharks Alexandar Georgiev
52%
Seattle Kraken Joey Daccord
52%
Utah Hockey Club Karel Vejmelka
49%
Philadelphia Flyers Samuel Ersson
47%
Vancouver Canucks Kevin Lankinen
42%
Pittsburgh Penguins Alex Nedeljkovic
40%
No matching quizzes found
Score Distribution
Percent of People with Each Score
Percentile by Number Answered
Your Score History
You have not taken this quiz